000 00403nam a2200145Ia 4500
008 130318s9999 xx 000 0 und d
020 _a013011264x
082 _a005.133J KAF/O
100 _aKafura, Dennis
245 _aObject oriented software design and construction with Java
260 _bPrentice Hall
_aNew Jersey
_c2000
300 _a656
650 _aJAVA
650 _aOBJECT ORIENTED PROGRAMMING
999 _c1418
_d1418